Département Corse-du-Sud - Statistiques

Statistiques générales
  • Ce quiz a été pris 43 fois
  • Le résultat moyen est 5 sur 20
Statistiques - réponses
Hint Réponse % Correct
Quel numéro de département porte la Corse-du-Sud ? 2A
97%
Quel est le chef-lieu départemental ? Ajaccio
95%
De quel peuple la tête représentée sur les armoiries est-elle une représentation ? Maures
51%
Quelle ville est surnommée la « cité du sel » et est la troisième commune de Corse en termes d'habitant ? Porto-Vecchio
46%
Après avoir traversé la partie nord de l'île, quel sentier continue son tracé entre les étapes de Vizzavona et de Conza ? GR 20
43%
Du patronyme de quelle personnalité corse d'envergure l'ancien aéroport Campo dell'Oro a-t-il été renommé ? Napoléon Bonaparte
43%
Quel préfet fut assassiné le 6 février 1998 par Yvan Colonn, membre du Front de libération nationale corse ? Claude Érignac
41%
Le 8 octobre 1943, quel homme prononça à Ajaccio : « La Corse a la fortune et l'honneur d'être le premier morceau libéré de la France. » ? Charles de Gaulle
30%
En langue corse, comment se nomme Bonifacio ? Bunifaziu
24%
Quelle mer sépare le département de l'Italie ? Mer Tyrrhénienne
22%
En quelle année la Corse du Sud a-t-elle été séparée de la Haute-Corse, créant ainsi deux nouveaux départements ? 1976
11%
Dans cette même ville, quel lieu-dit situé entre les hameaux de Picovaggia et de Bocca dell'Oro, est un site de villégiature prisé, doté d'une plage reconnue du même nom ? Palombaggia
11%
Quel escalier taillé à même la roche, relie la citadelle de Bonifacio à une cave en contrebas de la falaise, et serait l'œuvre de moines franciscains ? Escalier du roi d'Aragon
8%
Quelles îles, au nombre de quatre, ont été constituées réserve naturelle en 1981 ? Îles Cerbicale
3%
À quelle hauteur culmine le Monte Renoso, le plus haut sommet de Corse du Sud ? 2 352 mètres
0%
Quelle forteresse, datée de l'âge du bronze, découverte en 1959 par Roger Grosjean, fut classée monument historique en 1982 ? Cucuruzzu
0%
À une exception près, de quel ancien département créé en 1793 la Corse du Sud a-t-elle repris les limites ? Liamone
0%
Quel site archéologique compte 258 mégalithes datés entre 1900 et 1000 av. J.-C. ? Palaghju
0%
À Bonifacio chaque 1er novembre pour la Nuit des morts, quelle victuaille laisse-t-on en offrande aux morts ? Pane di i morti
0%
Quel pilote de rallye, triple vainqueur du Tour de Corse, est né en 1936 à Ajaccio et mort en 2018 à Alata ? Pierre Orsini
0%
Aucun quiz correspondant
Distribution des résultats
% des personnes avec chaque résultat
Percentile par nombre de réponses
Votre historique - résultats
Vous n’avez pas pris ce quiz